BUBT Library Online Catalog

Bangladesh Income Tax (Record no. 6336)

000 -LEADER
fixed length control field 00692nam a22002057a 4500
003 - CONTROL NUMBER IDENTIFIER
control field BUBTL
008 - FIXED-LENGTH DATA ELEMENTS--GENERAL INFORMATION
fixed length control field 200827b xxu||||| |||| 00| 0 eng d
020 ## - INTERNATIONAL STANDARD BOOK NUMBER
International Standard Book Number 984-300-000975-5
082 ## - DEWEY DECIMAL CLASSIFICATION NUMBER
Classification number 336.24095492/SHB
100 ## - MAIN ENTRY--PERSONAL NAME
Personal name Shil, Nikhil Chandra
9 (RLIN) 3375
245 ## - TITLE STATEMENT
Title Bangladesh Income Tax
Remainder of title Nikhil Chandra Shil, Mohammad Zakaria Masuddul Alam and Mohammad Faridul Alam
250 ## - EDITION STATEMENT
Edition statement 8th
260 ## - PUBLICATION, DISTRIBUTION, ETC. (IMPRINT)
Place of publication, distribution, etc. Dhaka
Name of publisher, distributor, etc. Shams Publications
Date of publication, distribution, etc. c2014
300 ## - PHYSICAL DESCRIPTION
Extent 704p . :
Other physical details ill . ; 23cm
650 ## - SUBJECT ADDED ENTRY--TOPICAL TERM
Topical term or geographic name as entry element Finance
9 (RLIN) 3376
700 ## - ADDED ENTRY--PERSONAL NAME
Personal name Nikhil Chandra Shil, Mohammad Zakaria Masuddul Alam and Mohammad Faridul Alam
9 (RLIN) 3377
856 ## - ELECTRONIC LOCATION AND ACCESS
Password 0
Logon 0
Link text Download
942 ## - ADDED ENTRY ELEMENTS (KOHA)
Source of classification or shelving scheme
Koha item type Books

No items available.

More Information About Library

Library Hours

  • Open: 9.00 am. to 9.00 pm.
  • Only Sunday: 9.00 am. to 6.00 pm.
  • Closed: Holiday

Contact to the University

Bangladesh University of Business and Technology Library

  • Mirpurl-2, 1216.
  • Phone:
  • Fax:
  • E-Mail: admin.library@bubt.edu.bd

Contact to the Library

Contact Person:

Md. Abdul Hakim Shah
Joint Librarian
PABX No:  113
Cell No: 01816332931
E-mail: official: admin.library@bubt.edu.bd
Personal: hakim.shah@bubt.edu.bd


BUBT Library

Copyright © 2021